House prices fall in June, but households in most regions optimistic about price rises over next 12 months (Record no. 114364)

MARC details
000 -LEADER
fixed length control field 01116cad a22002175a 4500
001 - CONTROL NUMBER
control field L156688
008 - FIXED-LENGTH DATA ELEMENTS--GENERAL INFORMATION
fixed length control field 120625s20120621xxk f 000 0 eng d
035 ## - SYSTEM CONTROL NUMBER
System control number (Sirsi) u156688
041 0# - LANGUAGE CODE
Language code of text/sound track or separate title eng
110 2# - MAIN ENTRY--CORPORATE NAME
Corporate name or jurisdiction name as entry element Knight Frank
9 (RLIN) 1530
245 00 - TITLE STATEMENT
Title House prices fall in June, but households in most regions optimistic about price rises over next 12 months
Medium [electronic resource]
260 ## - PUBLICATION, DISTRIBUTION, ETC.
Place of publication, distribution, etc. London
Name of publisher, distributor, etc. Knight Frank
-- 2012
490 #0 - SERIES STATEMENT
Series statement Knight Frank/Markit House Price Sentiment Index
Volume/sequential designation June 2012
520 ## - SUMMARY, ETC.
Summary, etc. UK households perceive a decline in value of their homes. Households believe that house prices have fallen every month for the last two years. However, the outlook for house prices remains upbeat for fifth consecutive month in a row with 8 regions expecting price rises over next 12 months
590 ## - LOCAL NOTE (RLIN)
Local note KA NTK
651 #4 - SUBJECT ADDED ENTRY--GEOGRAPHIC NAME
Geographic name United Kingdom
Chronological subdivision
690 ## - LOCAL SUBJECT ADDED ENTRY--TOPICAL TERM (OCLC, RLIN)
Topical term or geographic name as entry element Residential property
9 (RLIN) 6266
710 ## - ADDED ENTRY--CORPORATE NAME
Corporate name or jurisdiction name as entry element Markit
9 (RLIN) 5915
856 40 - ELECTRONIC LOCATION AND ACCESS
Uniform Resource Identifier <a href="https://resources.knightfrank.com/getnewsresource.ashx?id=0878f379-58fc-4fb0-9986-b533527018f0&type=1">https://resources.knightfrank.com/getnewsresource.ashx?id=0878f379-58fc-4fb0-9986-b533527018f0&type=1</a>
Public note View the items free of charge at www.resourcesknightfrank.com
942 ## - ADDED ENTRY ELEMENTS (KOHA)
Suppress in OPAC 0
Holdings
Withdrawn status Lost status Source of classification or shelving scheme Damaged status Not for loan Home library Current library Shelving location Date acquired Total Checkouts Full call number Barcode Date last seen Copy number Price effective from Koha item type
    Dewey Decimal Classification     Virtual Virtual Online 25/06/2012   ONLINE PUBLICATION 156688-2001 06/08/2019 1 06/08/2019 Book